000 00485nam a2200145Ia 4500
008 230917s9999||||xx |||||||||||||| ||und||
040 _e169378
_aMAIN
041 _aEnglish
082 _a891.437731 KD155F
100 _aकस्तूरी दिनेश
245 0 _aफोकट का चन्दन लगा मेरे नन्दन
260 _aरायगढ़
_bनिकेत साकेत प्रकाशन
_c1993
300 _a99 पृ. p.
942 _cHN
999 _c73768
_d73768